000 00677nam a2200217 a 4500
001 2927
005 20140414132005.0
008 051026s19uu xx 00 eng d
020 _a0-02-661143-0
050 _aTR 372.4
_bA1 Lev.K(Bk-D
100 _aAdams, Marilyn Jager
245 _aSRA open court reading (red), L.K-B-D /
_cMarilyn Jager Adams ...(et al.).
250 _aTeacher's ed.
260 _aColumbus, Ohio :
_bSRA/McGraw-Hill,
_c2000.
300 _ax ii, 62 p. ; cm.
440 _aSRA Open Court Reading, Red.
500 _aContent: The Wind.
650 _aReading
_xStudy and teaching.
650 _aEnglish language
_xStudy and teaching.
999 _c113163
_d113163